[Event "World Rapid Women 2025"]
[Site "Doha QAT"]
[Date "2025.12.27"]
[Round "7.36"]
[White "Serikbay, Assel"]
[Black "Cori T., Deysi"]
[Result "0-1"]
[WhiteTitle "WIM"]
[BlackTitle "IM"]
[WhiteElo "2221"]
[BlackElo "2349"]
[WhiteFideId "13706799"]
[BlackFideId "3801934"]
[EventDate "2025.12.26"]

1. d4 g6 2. c4 Bg7 3. e4 d6 4. Nc3 Nf6 5. Be2 O-O 6. Be3 c6 7. h3 a6 8. a4 Qa5
9. Bd3 e5 10. Ne2 d5 11. cxd5 cxd5 12. O-O Nc6 13. exd5 Nxd5 14. Nxd5 Qxd5 15.
Nc3 Qa5 16. dxe5 Nxe5 17. Be2 Be6 18. Qc1 Rfd8 19. Bg5 Rd4 20. Qe3 Nc4 21. Bxc4
Rxc4 22. Rac1 Qf5 23. g4 Qa5 24. Rfd1 Re8 25. Bh6 Bh8 26. Ne4 Rxc1 27. Rxc1 Qxa4
28. Nd6 Rb8 29. Qa7 Rd8 30. Qb6 Bf6 31. Be3 Bd5 32. Nxb7 Qe4 33. Kf1 Qh1+ 34.
Ke2 Qf3+ 35. Ke1 Qh1+ 36. Kd2 Bxb7+ 37. Qxd8+ Bxd8 38. Rxh1 Bxh1 39. Kc3 Bg2 0-1

[Event "World Rapid Women 2025"]
[Site "Doha QAT"]
[Date "2025.12.27"]
[Round "7.37"]
[White "Yakimova, Mariya"]
[Black "Balajayeva, Khanim"]
[Result "0-1"]
[WhiteTitle "WFM"]
[BlackTitle "IM"]
[WhiteElo "2241"]
[BlackElo "2351"]
[WhiteFideId "34188859"]
[BlackFideId "13406396"]
[EventDate "2025.12.26"]

1. d4 d5 2. Nf3 Nf6 3. Bf4 e6 4. e3 c5 5. Nbd2 Qb6 6. Rb1 Bd6 7. dxc5 Qxc5 8.
Be2 O-O 9. b4 Qc7 10. Bxd6 Qxd6 11. c4 b6 12. O-O Nbd7 13. Nd4 Bb7 14. cxd5 Nxd5
15. Nc4 Qe7 16. Qb3 a6 17. Bf3 Rfc8 18. e4 Nf4 19. e5 Bxf3 20. Qxf3 Nd5 21. Nf5
Qg5 22. Nfd6 Rf8 23. Ne4 Qe7 24. Qg3 f5 25. exf6 N7xf6 26. Nxf6+ Rxf6 27. a3 Nf4
28. Qf3 Raf8 29. Ne5 Rf5 30. Nd3 Nxg2 31. Qe4 Nh4 32. f4 Rd5 33. Rbe1 Qf6 34.
Ne5 Qf5 35. Qxf5 Rxf5 36. Nc4 Rd3 37. Rxe6 Nf3+ 38. Rxf3 Rxf3 39. Re8+ Rf8 0-1

[Event "World Rapid Women 2025"]
[Site "Doha QAT"]
[Date "2025.12.27"]
[Round "7.38"]
[White "Aydin, Gulenay"]
[Black "Shvedova, Alexandra"]
[Result "0-1"]
[WhiteTitle "WIM"]
[BlackTitle "WIM"]
[WhiteElo "2259"]
[BlackElo "2255"]
[WhiteFideId "34557431"]
[BlackFideId "54154782"]
[EventDate "2025.12.26"]

1. e4 c5 2. c3 Nf6 3. e5 Nd5 4. Bc4 Nb6 5. Bb3 c4 6. Bc2 Nc6 7. Nf3 d6 8. exd6
e5 9. O-O Bxd6 10. d3 cxd3 11. Qxd3 Be6 12. Re1 h6 13. Nbd2 Qc7 14. a4 O-O-O 15.
a5 Nd7 16. Nc4 Be7 17. Qe2 Rhe8 18. Ne3 g6 19. b4 f5 20. Nd2 e4 21. Nec4 Nce5
22. Bb3 Bf6 23. b5 Nxc4 24. Bxc4 Ne5 25. b6 axb6 26. axb6 Qxb6 27. Bb5 Nc6 28.
Nb3 Bxb3 29. Bf4 Be5 30. Be3 Qc7 31. Bc5 Rd5 32. Bb4 Red8 33. c4 Bxa1 34. cxd5
Nxb4 35. Rxa1 Na2 36. Qb2 Bxd5 37. Qa3 Qe5 38. Rb1 Qc3 39. Qe7 Bb3 40. h4 Bc2
41. Rf1 Nb4 42. Qe6+ Kb8 43. Qe7 Rd5 44. Rc1 Qb2 45. Re1 Ka7 46. Bc4 Qc3 47.
Bxd5 Qxe1+ 48. Kh2 Nxd5 49. Qc5+ Nb6 0-1

[Event "World Rapid Women 2025"]
[Site "Doha QAT"]
[Date "2025.12.27"]
[Round "7.39"]
[White "Fataliyeva, Ulviyya"]
[Black "Priyanka, Nutakki"]
[Result "0-1"]
[WhiteTitle "IM"]
[BlackTitle "WGM"]
[WhiteElo "2434"]
[BlackElo "2292"]
[WhiteFideId "13403052"]
[BlackFideId "25049615"]
[EventDate "2025.12.26"]

1. e4 e6 2. d4 d5 3. Nc3 Nf6 4. e5 Nfd7 5. f4 c5 6. Nf3 Nc6 7. Be3 Be7 8. Qd2
O-O 9. O-O-O c4 10. f5 b5 11. f6 gxf6 12. Bh6 b4 13. Qf4 Kh8 14. Bxf8 Bxf8 15.
Ne2 Qa5 16. Kb1 b3 17. cxb3 cxb3 18. axb3 Qb4 19. Nc1 Bg7 20. exf6 Nxf6 21. Bd3
a5 22. Ng5 Qe7 23. Qd6 Qxd6 24. Nxf7+ Kg8 25. Nxd6 Bd7 26. Nb5 Ng4 27. Rd2 Nb4
28. h3 Bh6 29. Bxh7+ Kg7 30. Nc7 Rc8 31. Re2 Rxc7 32. hxg4 Bxc1 33. Bf5 exf5 34.
Rxc1 Rxc1+ 35. Kxc1 Nc6 36. gxf5 Bxf5 37. Rd2 Kf6 38. Kd1 Kg5 39. Re2 Bg4 0-1

[Event "World Rapid Women 2025"]
[Site "Doha QAT"]
[Date "2025.12.27"]
[Round "7.40"]
[White "Sharma, Isha"]
[Black "Shukhman, Anna"]
[Result "0-1"]
[WhiteTitle "WIM"]
[BlackTitle "WGM"]
[WhiteElo "2245"]
[BlackElo "2431"]
[WhiteFideId "35006665"]
[BlackFideId "54180058"]
[EventDate "2025.12.26"]

1. e4 c5 2. Nf3 d6 3. d4 cxd4 4. Nxd4 Nf6 5. Nc3 a6 6. f3 e5 7. Nb3 Be7 8. Be3
Be6 9. Qd2 h5 10. Nd5 Nxd5 11. exd5 Bf5 12. c4 Nd7 13. Rc1 a5 14. Na1 a4 15. Nc2
Bh4+ 16. g3 Bf6 17. Na3 e4 18. f4 h4 19. Nb5 Nc5 20. Rg1 hxg3 21. hxg3 Bg4 22.
Bd4 Kf8 23. Rc3 Bxd4 24. Qxd4 Rh2 25. Rg2 Rh1 26. Rg1 Rxg1 27. Qxg1 Qf6 28. Qh2
g6 29. Nxd6 0-1

[Event "World Rapid Women 2025"]
[Site "Doha QAT"]
[Date "2025.12.27"]
[Round "7.41"]
[White "Berend, Elvira"]
[Black "Kurmangaliyeva, Liya"]
[Result "1-0"]
[WhiteTitle "WGM"]
[BlackTitle "FM"]
[WhiteElo "2265"]
[BlackElo "2339"]
[WhiteFideId "4000510"]
[BlackFideId "13725831"]
[EventDate "2025.12.26"]

1. e4 c5 2. Nf3 Nc6 3. c3 Nf6 4. e5 Nd5 5. d4 d6 6. exd6 cxd4 7. Nxd4 e6 8. Nxc6
bxc6 9. c4 Nf6 10. Bf4 Qb6 11. Qd2 c5 12. Nc3 Bb7 13. O-O-O Rd8 14. Be2 Bxg2 15.
Rhg1 Bc6 16. Be5 Kd7 17. Qf4 h5 18. Kb1 Rh6 19. Ka1 Kc8 20. Bf3 Bxf3 21. Qxf3
Qb7 22. Qe3 Qc6 23. Nb5 Kb7 24. Qb3 Qb6 25. d7 Rxd7 26. Bxf6 Rxd1+ 27. Qxd1 Rxf6
28. Qd7+ Ka6 29. Rg3 Qb7 30. Ra3+ Kb6 31. Qd8+ Kc6 32. Ra6+ Qxa6 33. Qc7# 1-0

[Event "World Rapid Women 2025"]
[Site "Doha QAT"]
[Date "2025.12.27"]
[Round "7.42"]
[White "Kairbekova, Amina"]
[Black "Kirtadze, Anastasia"]
[Result "1-0"]
[WhiteTitle "WGM"]
[BlackTitle "WIM"]
[WhiteElo "2353"]
[BlackElo "2281"]
[WhiteFideId "13712799"]
[BlackFideId "13622714"]
[EventDate "2025.12.26"]

1. e4 c5 2. Nf3 e6 3. b3 Nc6 4. Bb2 Nf6 5. e5 Ng4 6. h3 Nh6 7. g4 Be7 8. Na3 O-O
9. Qe2 f5 10. O-O-O a5 11. d4 cxd4 12. Nxd4 Nxd4 13. Rxd4 Bc5 14. Rc4 b6 15. g5
Qxg5+ 16. f4 Qg3 17. Bg2 Ba6 18. Bxa8 Rxa8 19. Kb1 Bxc4 20. Nxc4 Qxf4 21. Rd1
Qe4 22. Qh5 Qc6 23. Nd6 a4 24. Bc1 axb3 25. axb3 Bxd6 26. Rxd6 Qc3 27. Bb2 Qc7
28. Qg5 Rc8 29. Rd2 Qd8 30. Qg3 Qe7 31. Rg2 Kh8 32. Bc1 Ng8 33. h4 Qf7 34. h5 h6
35. Qh4 Rf8 36. Ba3 Ra8 37. Bd6 Re8 38. Qf2 Qxh5 39. Qxb6 Qd1+ 40. Kb2 Qd5 41.
Rg1 f4 42. Qf2 Qe4 43. Re1 Qf5 44. b4 Ne7 45. Qa7 Nc8 46. Qxd7 Nxd6 47. exd6
Qf6+ 48. Kb3 Rd8 49. Qe7 f3 50. Qxf6 gxf6 51. Rxe6 Kg7 52. Re3 f2 53. Rf3 Rxd6
54. Rxf2 Kf7 55. b5 Ke7 56. c4 Kd7 57. Kb4 Kc7 58. Rf5 Re6 59. Rh5 Re5 60. Rxh6
f5 61. Rf6 Kb7 62. c5 Kc7 63. Rf7+ Kd8 64. b6 Kc8 65. c6 1-0

[Event "World Rapid Women 2025"]
[Site "Doha QAT"]
[Date "2025.12.27"]
[Round "7.43"]
[White "Shubenkova, Veronika"]
[Black "Zhu, Chen"]
[Result "0-1"]
[WhiteTitle "WFM"]
[BlackTitle "GM"]
[WhiteElo "2013"]
[BlackElo "2423"]
[WhiteFideId "44124040"]
[BlackFideId "8600546"]
[EventDate "2025.12.26"]

1. d4 d5 2. e3 Nf6 3. f4 Bf5 4. Bd3 e6 5. Nf3 Nbd7 6. O-O Be7 7. Qe2 O-O 8. Nbd2
c5 9. c3 c4 10. Bb1 b5 11. a3 Bxb1 12. Rxb1 Qc7 13. e4 Nxe4 14. Nxe4 dxe4 15.
Qxe4 Nf6 16. Qe2 Nd5 17. Ng5 Qd7 18. Bd2 h6 19. Nf3 Bd6 20. Ne5 Qc7 21. Rbe1
Rae8 22. Rf3 f5 23. Ref1 a5 24. Be1 Bxe5 25. fxe5 Rf7 26. Bd2 Ref8 27. Rg3 f4
28. Rh3 Rf5 29. Qg4 Qf7 30. Qe2 Qg6 31. Rhf3 R5f7 32. Bc1 Kh7 33. a4 b4 34. Qxc4
bxc3 35. bxc3 Qc2 36. Qd3+ Qxd3 37. Rxd3 Rc7 38. Bd2 Rc4 39. Ra1 Rb8 40. Rf3 g5
41. h3 Rb2 42. Rd3 Kg6 43. Bc1 Rc2 44. Bd2 Kf5 45. Re1 Rxa4 46. g3 Raa2 47. g4+
Kg6 48. Re2 Nxc3 49. Re1 Nd5 50. Rd1 a4 51. Kf1 Nb6 52. h4 Nc4 53. h5+ Kf7 54.
Bc1 Rh2 55. Kg1 Rag2+ 56. Kf1 Rxg4 57. d5 exd5 58. Rxd5 Rh1+ 59. Kf2 Rxd1 60.
Rxd1 Nxe5 61. Ba3 Rh4 62. Rd4 Rh2+ 63. Kf1 Rxh5 64. Rxa4 Rh3 65. Ra7+ Kg6 66.
Bf8 Ng4 67. Kg2 Rg3+ 68. Kf1 Kh5 69. Ra6 Rb3 70. Bg7 f3 71. Ra1 Kh4 72. Kg1 Kg3
73. Rf1 Rd3 74. Kh1 h5 75. Bf8 Rd2 76. Rg1+ Kh3 77. Bd6 Nf2# 0-1

[Event "World Rapid Women 2025"]
[Site "Doha QAT"]
[Date "2025.12.27"]
[Round "7.44"]
[White "Vo, Thi Kim Phung"]
[Black "Bodnaruk, Anastasia"]
[Result "1-0"]
[WhiteTitle "WGM"]
[BlackTitle "IM"]
[WhiteElo "2322"]
[BlackElo "2357"]
[WhiteFideId "12401838"]
[BlackFideId "4181751"]
[EventDate "2025.12.26"]

1. d4 Nf6 2. c4 g6 3. Nc3 Bg7 4. e4 d6 5. Be2 O-O 6. Be3 c6 7. h3 Na6 8. Nf3 e5
9. d5 Nh5 10. Qd2 cxd5 11. Nxd5 Nc5 12. Nc3 Nf4 13. O-O-O Qa5 14. Kb1 Be6 15.
Bf1 Rfd8 16. g3 Nh5 17. Ng5 Nf6 18. f3 a6 19. Nxe6 Nxe6 20. Nd5 Qxd2 21. Rxd2
Nxd5 22. cxd5 Nd4 23. Bg2 Rac8 24. f4 Rc4 25. Rhd1 Rdc8 26. Bxd4 exd4 27. Bf1
R4c5 28. Bd3 b5 29. Rc2 Rxc2 30. Bxc2 h5 31. g4 h4 32. Bd3 g5 33. fxg5 Be5 34.
Rf1 Kg7 35. a3 Kg6 36. Rf5 Rc7 37. Be2 Rc5 38. Bd3 Rc7 39. Be2 Rc8 40. Bd3 Rc7
41. Rf1 Kxg5 42. Rf5+ Kg6 43. Rh5 Kg7 44. Rxh4 Bf4 45. Bc2 a5 46. Rh5 b4 47.
axb4 axb4 48. Rf5 b3 49. Bxb3 Rc1+ 50. Ka2 Be3 51. e5 dxe5 52. Rxe5 Rc5 53. Re8
Bf4 54. Re4 Be3 55. h4 f6 56. d6 Rc6 57. d7 Rd6 58. Re7+ Kh6 59. Bc2 d3 60. Bxd3
Rxd3 61. Rxe3 Rxd7 62. Re6 Kg7 63. Re4 Rd2 64. Ka3 Rh2 65. h5 Kh6 66. b4 Kg5 67.
b5 f5 68. gxf5 Kxf5 69. Re1 Rxh5 70. Kb4 Rh2 71. Kc5 Rc2+ 72. Kd6 Rb2 73. Kc6
Rc2+ 74. Kb7 Rb2 75. b6 Kf6 76. Kc7 Rc2+ 77. Kb8 Rb2 78. b7 Kf7 79. Ra1 Ke7 80.
Ka7 1-0

[Event "World Rapid Women 2025"]
[Site "Doha QAT"]
[Date "2025.12.27"]
[Round "7.45"]
[White "Zhang, Lanlin"]
[Black "Gaboyan, Susanna"]
[Result "1-0"]
[WhiteTitle "WIM"]
[BlackTitle "WIM"]
[WhiteElo "2291"]
[BlackElo "2182"]
[WhiteFideId "8608032"]
[BlackFideId "13303627"]
[EventDate "2025.12.26"]

1. e4 c5 2. Nf3 Nc6 3. Bb5 g6 4. O-O Bg7 5. c3 Nf6 6. Re1 O-O 7. d4 d5 8. e5 Ne4
9. h3 Qb6 10. Bxc6 bxc6 11. b3 cxd4 12. cxd4 c5 13. Be3 cxd4 14. Bxd4 Qb7 15.
Nbd2 Bf5 16. Nh4 Bd7 17. Qe2 Qb4 18. Nhf3 Nxd2 19. Qxd2 Qxd2 20. Nxd2 Rfc8 21.
Nf1 e6 22. Ne3 h5 23. g4 hxg4 24. hxg4 Bf8 25. Kg2 a5 26. Rab1 Bb4 27. Rec1 Ba3
28. Rh1 Rab8 29. Rh3 Kf8 30. Rd1 Ke7 31. Rf3 Bb5 32. Rh1 Rh8 33. Rxh8 Rxh8 34.
Nc2 Bc1 35. Bc5+ Ke8 36. Nd4 Bd7 37. Rc3 Bf4 38. Nf3 a4 39. bxa4 Bxa4 40. Ra3
Bc6 41. Ra6 Kd7 42. Ra7+ Kc8 43. Rxf7 g5 44. Bd6 Bd7 45. a4 Rd8 46. a5 Kb7 47.
Be7 Be8 48. Rxf4 Rd7 49. Rb4+ Ka6 50. Bxg5 Kxa5 51. Bd2 Ka6 52. g5 Bg6 53. Nd4
Re7 54. Be3 Be8 55. Nb3 Bb5 56. Nc5+ Ka5 57. Rg4 Be2 58. Rg3 Bh5 59. g6 Rg7 60.
Nxe6 Rxg6 61. Rxg6 Bxg6 62. Nf8 Be8 63. f4 Kb4 64. f5 Kc4 65. Ne6 Kd3 66. Kf3
Bd7 67. Nc5+ 1-0

[Event "World Rapid Women 2025"]
[Site "Doha QAT"]
[Date "2025.12.27"]
[Round "7.46"]
[White "Jiang, Tianyu"]
[Black "Girya, Olga"]
[Result "0-1"]
[BlackTitle "GM"]
[WhiteElo "2224"]
[BlackElo "2398"]
[WhiteFideId "8627215"]
[BlackFideId "4195752"]
[EventDate "2025.12.26"]

1. e4 e5 2. Nf3 Nc6 3. Bb5 a6 4. Ba4 Nf6 5. O-O Nxe4 6. Re1 Nc5 7. Bxc6 dxc6 8.
Nxe5 Be7 9. d4 Ne6 10. Be3 O-O 11. c4 f6 12. Nf3 Re8 13. Nc3 Nf8 14. Qb3 Bg4 15.
Qxb7 Qd7 16. d5 Bxf3 17. gxf3 Bd6 18. c5 Be5 19. Qxc6 Qh3 20. f4 Ng6 21. d6 Nh4
22. Qd5+ Kh8 23. d7 Red8 24. fxe5 Nf3+ 25. Qxf3 Qxf3 26. Rad1 Rxd7 27. Rxd7 Qg4+
28. Kf1 Qxd7 29. exf6 gxf6 30. Rd1 Qh3+ 31. Ke2 Qh5+ 32. Ke1 Qxh2 33. Rd7 Qh1+
34. Kd2 Qc6 35. Rd5 Qxd5+ 36. Nxd5 Rd8 37. Kc3 Rxd5 38. b4 c6 39. a4 h5 40. Bf4
Rf5 41. Bd6 Rf3+ 42. Kd4 Ra3 43. a5 Kg7 44. Bg3 Kg6 45. Kc4 Kf5 46. Kd4 Rb3 47.
Kc4 Rb1 48. Bd6 h4 49. f3 h3 50. Kc3 Rf1 51. b5 cxb5 52. c6 Rc1+ 0-1

[Event "World Rapid Women 2025"]
[Site "Doha QAT"]
[Date "2025.12.27"]
[Round "7.47"]
[White "Nomin-Erdene, Davaademberel"]
[Black "Mgeladze, Kesaria"]
[Result "1-0"]
[WhiteTitle "IM"]
[BlackTitle "WIM"]
[WhiteElo "2312"]
[BlackElo "2195"]
[WhiteFideId "4900782"]
[BlackFideId "13621130"]
[EventDate "2025.12.26"]

1. Nf3 Nf6 2. g3 b6 3. Bg2 Bb7 4. O-O e6 5. d3 Be7 6. e4 d5 7. e5 Nfd7 8. Re1 c5
9. c3 Nc6 10. Qe2 b5 11. Nbd2 b4 12. Nf1 Nb6 13. Qc2 a5 14. h4 a4 15. h5 h6 16.
N1h2 a3 17. bxa3 bxc3 18. Qxc3 c4 19. d4 Na4 20. Qc2 c3 21. Rb1 Qd7 22. Ng4 Na5
23. Ne3 Nc4 24. Nd1 Bxa3 25. Nxc3 Nxc3 26. Qxc3 Bxc1 27. Rexc1 O-O 28. Qb3 Bc6
29. g4 Qa7 30. g5 hxg5 31. Qd3 Qa3 32. Qxa3 Rxa3 33. Nxg5 Rc8 34. Rb3 Rxa2 35.
Rh3 Rd2 36. Nf3 Rb2 37. Bf1 Bb5 38. h6 gxh6 39. Rxh6 Ra8 40. Rf6 Kg7 41. Ng5 Ra7
42. Rc3 Nxe5 43. dxe5 Rb1 44. Rg3 Rxf1+ 45. Kg2 Kf8 46. Nxe6+ Ke7 47. Nd4 Rb1
48. Nf5+ Kf8 49. Nh6 Be8 50. Rg8+ Ke7 51. Nf5+ Kd8 52. Rd6+ Rd7 53. Ng7 Rxd6 54.
Rxe8+ Kd7 55. exd6 Kxd6 56. Nf5+ Kc6 57. Re7 f6 58. Re6+ Kc5 59. Rxf6 d4 60. Rd6
Rd1 61. Rxd4 Rxd4 62. Nxd4 Kxd4 63. Kf3 1-0

[Event "World Rapid Women 2025"]
[Site "Doha QAT"]
[Date "2025.12.27"]
[Round "7.48"]
[White "Nguyen Hong Nhung"]
[Black "Krasteva, Beloslava"]
[Result "0-1"]
[WhiteTitle "FM"]
[BlackTitle "FM"]
[WhiteElo "2268"]
[BlackElo "2339"]
[WhiteFideId "12412201"]
[BlackFideId "2922029"]
[EventDate "2025.12.26"]

1. e4 d6 2. d4 Nf6 3. Nc3 e5 4. Nf3 Nbd7 5. g4 Nxg4 6. Rg1 Ngf6 7. Bc4 exd4 8.
Qxd4 c6 9. Bf4 Qb6 10. Qd2 Qb4 11. b3 Nb6 12. Be2 d5 13. O-O-O Be6 14. Bc7 dxe4
15. Ng5 Nbd5 16. Be5 O-O-O 17. Ncxe4 Nxe4 18. Qxb4 Bxb4 19. Nxe4 f6 20. Bb2 Bf5
21. Ng3 Bg6 22. Bg4+ Kb8 23. Nf5 Rhg8 24. c4 Nf4 25. a3 Bc5 26. Rxd8+ Rxd8 27.
Rd1 Rxd1+ 28. Kxd1 h5 29. Nh4 hxg4 30. Bc1 Nd3 31. Nxg6 Nxf2+ 32. Ke2 Ne4 33.
Nf4 Bd6 34. Ne6 Bxh2 35. Nxg7 Kc7 36. Ke3 Ng5 37. Ne8+ Kd8 38. Nxf6 g3 39. Kd3
g2 40. Be3 g1=Q 41. Bxg1 Bxg1 42. b4 Ke7 43. Ng4 Ke6 44. b5 c5 45. a4 Nf3 46.
Nh6 Ne5+ 47. Kc3 Be3 48. Ng8 Kf7 0-1

[Event "World Rapid Women 2025"]
[Site "Doha QAT"]
[Date "2025.12.27"]
[Round "7.49"]
[White "Zherebtsova, Alexandra"]
[Black "Lyutsinger, Iren"]
[Result "0-1"]
[WhiteTitle "FM"]
[BlackTitle "FM"]
[WhiteElo "2307"]
[BlackElo "2169"]
[WhiteFideId "24129518"]
[BlackFideId "34425969"]
[EventDate "2025.12.26"]

1. d4 Nf6 2. Bf4 d5 3. e3 c5 4. Nf3 Nc6 5. Nbd2 e6 6. c3 cxd4 7. exd4 Bd6 8.
Bxd6 Qxd6 9. Bd3 O-O 10. O-O e5 11. dxe5 Nxe5 12. Nxe5 Qxe5 13. Nf3 Qc7 14. h3
Re8 15. Re1 Bd7 16. Qc2 g6 17. Nd4 Nh5 18. Qd2 Nf4 19. Bf1 Re4 20. f3 Ree8 21.
Rxe8+ Rxe8 22. Re1 Nxh3+ 23. Kh1 Nf4 24. Rxe8+ Bxe8 25. Qe1 Bc6 26. Qe3 Qd6 27.
Nxc6 bxc6 28. Qxa7 c5 29. Qa6 Qd8 30. Kg1 d4 31. cxd4 cxd4 32. Qc4 Qd6 33. Qa6
Qc5 34. Qc4 Qe5 35. Qc2 d3 36. Qd2 Qd4+ 37. Kh2 Qd6 38. g3 Nh5 39. f4 Qd4 40.
Bxd3 Nf6 41. Qe2 h5 42. Kg2 Qd5+ 43. Kg1 Qxa2 44. b4 Qa1+ 45. Kg2 Ng4 46. b5 Qd4
47. Be4 Ne3+ 48. Kf3 Ng4 49. Kg2 Kg7 50. Bf3 Ne3+ 51. Kh2 h4 52. Kh3 hxg3 53.
Kxg3 Nf5+ 54. Kg4 Qg1+ 55. Bg2 Qh2 56. Qe5+ 0-1

[Event "World Rapid Women 2025"]
[Site "Doha QAT"]
[Date "2025.12.27"]
[Round "7.50"]
[White "Gu, Xiaobing"]
[Black "Wafa, Shahenda"]
[Result "1/2-1/2"]
[WhiteTitle "WGM"]
[BlackTitle "WGM"]
[WhiteElo "2106"]
[BlackElo "2074"]
[WhiteFideId "8602611"]
[BlackFideId "10609962"]
[EventDate "2025.12.26"]

1. e4 c5 2. Nc3 Nc6 3. Bb5 Nd4 4. Bc4 g6 5. Nf3 Bg7 6. Nxd4 cxd4 7. Qf3 e6 8.
Ne2 Ne7 9. O-O O-O 10. d3 Nc6 11. Qg3 Na5 12. Bf4 Nxc4 13. dxc4 d5 14. cxd5 exd5
15. e5 Qb6 16. Qb3 Qxb3 17. axb3 f6 18. exf6 Bxf6 19. Rfd1 Bf5 20. Nxd4 Bxd4 21.
Rxd4 Bxc2 22. Bh6 Rfd8 23. h4 Bxb3 24. Rb4 Bc4 25. Rxb7 a6 26. Rd1 Rab8 27. Rg7+
Kh8 28. h5 Rg8 29. Ra7 gxh5 30. Re1 Rge8 31. Bg7+ Kg8 32. Be5 Rbd8 33. Re3 Rxe5
34. Rxe5 d4 35. Rg5+ Kh8 36. Rxh5 Bd3 37. f4 Bg6 38. Rh1 d3 39. Kf2 d2 40. Rxa6
d1=Q 41. Rxd1 Rxd1 42. Rb6 Rd2+ 43. Kf3 Bf7 44. g4 Bd5+ 45. Ke3 Rg2 46. g5 Kg7
47. b4 Rb2 48. Kd4 Bf3 49. b5 Rb4+ 50. Ke5 Re4+ 51. Kf5 Rb4 52. Rb8 Bg2 53. b6
Bh3+ 54. Ke5 Rb5+ 55. Kd6 Bg2 56. Ke6 Bh3+ 57. Kd6 Bg2 58. Ke6 Bh3+ 59. Kd6 1/2-1/2

[Event "World Rapid Women 2025"]
[Site "Doha QAT"]
[Date "2025.12.27"]
[Round "7.51"]
[White "Luong Phuong Hanh"]
[Black "Bayasgalan, Khishigbaatar"]
[Result "1/2-1/2"]
[WhiteTitle "WIM"]
[BlackTitle "WCM"]
[WhiteElo "2236"]
[BlackElo "2249"]
[WhiteFideId "12401013"]
[BlackFideId "4904311"]
[EventDate "2025.12.26"]

1. d4 Nf6 2. Nf3 e6 3. e3 d5 4. Bd3 Bd6 5. b3 c6 6. Bb2 O-O 7. Nbd2 Nbd7 8. Ne5
Qc7 9. f4 Ne8 10. O-O f5 11. c4 Nef6 12. Rc1 Qd8 13. cxd5 cxd5 14. Ndf3 Ne4 15.
Nxd7 Bxd7 16. Ne5 Bxe5 17. dxe5 Rc8 18. Qe2 Qa5 19. Bd4 Rxc1 20. Rxc1 Rc8 21.
Rxc8+ Bxc8 22. h3 Bd7 23. Kh2 Nd2 24. Qf2 h6 25. Qh4 Kf8 26. b4 Qc7 27. Bc5+ Kg8
28. Qe7 Qc8 29. Bxa7 Ne4 30. Bb6 Ba4 31. Be2 Be8 32. Bc5 Qd7 33. Qf8+ Kh7 34.
Bd1 Nc3 35. Bb3 Bh5 36. Bd4 Ne4 37. a4 Qc7 38. Bxd5 exd5 39. e6 Nf6 40. Bxf6
gxf6 41. Qxf6 Bg6 42. b5 Qd6 43. a5 d4 44. Qxd4 Qxe6 45. Qc5 Be8 46. a6 bxa6 47.
bxa6 Bc6 48. Qf8 Kg6 49. a7 Qe4 50. Qg8+ Kf6 51. Qd8+ Ke6 52. Qg8+ Kd6 53. Qd8+
Ke6 54. Qg8+ Kd7 55. Qg7+ Kc8 56. Qg8+ Kc7 57. Qb8+ Kd7 58. Qg8 h5 59. h4 Bb7
60. Qg6 Kc7 61. Kh1 Qxe3 62. Qxf5 Qe1+ 63. Kh2 Qxh4+ 64. Kg1 Qe1+ 65. Kh2 Qf2
66. Qa5+ Kc8 67. Qc3+ Kd7 68. Qg7+ Kc6 69. Qf6+ Kb5 70. Qg5+ Kb6 71. Qg3 Qe2 72.
Qg5 Qd2 73. Qg3 Kxa7 74. Qa3+ Kb8 75. Qf8+ Kc7 76. Qc5+ Kd7 77. Qf5+ Kc7 78.
Qc5+ Bc6 79. Qa7+ Kd6 80. Qb8+ Kc5 81. Qa7+ Kd5 82. Qf7+ Kd4 83. Qf6+ Kc5 84.
Qe7+ Kc4 85. Qe6+ Bd5 86. Qa6+ Kd4 87. Qf6+ Ke3 88. Qg5 Kd4 89. Qe5+ Kc4 90.
Qc7+ Kd3 91. Qh7+ Ke3 92. Qg6 Be4 93. f5 Qf2 94. Qb6+ Ke2 95. Qb2+ Ke3 96. Qb6+
Ke2 97. Qb2+ Ke3 98. Qb6+ Ke2 1/2-1/2

[Event "World Rapid Women 2025"]
[Site "Doha QAT"]
[Date "2025.12.27"]
[Round "7.52"]
[White "Dwilewicz, Katarzyna"]
[Black "Nandhidhaa, P V"]
[Result "0-1"]
[WhiteTitle "WFM"]
[BlackTitle "WGM"]
[WhiteElo "2185"]
[BlackElo "2257"]
[WhiteFideId "1148486"]
[BlackFideId "5050847"]
[EventDate "2025.12.26"]

1. e4 c5 2. Nf3 Nc6 3. d4 cxd4 4. Nxd4 e6 5. Nc3 Qc7 6. Be3 a6 7. g4 b5 8. Nxc6
Qxc6 9. Qd2 b4 10. Ne2 Nf6 11. f3 Bb7 12. g5 Nh5 13. O-O-O d5 14. Nd4 Qc7 15.
Kb1 Bd6 16. Bh3 O-O 17. Bg4 Nf4 18. h4 Rfd8 19. h5 dxe4 20. g6 f5 21. gxh7+ Kh8
22. Nxe6 Nxe6 23. Bxf5 Bc5 24. Qf2 Bxe3 25. Qxe3 Qc5 26. Qxc5 Nxc5 27. fxe4 Bxe4
28. Bxe4 Nxe4 29. Rde1 Ng3 30. Rh4 Re8 31. Rg1 Re4 32. Rxe4 Nxe4 33. a3 bxa3 34.
bxa3 Kxh7 35. c4 Nd2+ 0-1

[Event "World Rapid Women 2025"]
[Site "Doha QAT"]
[Date "2025.12.27"]
[Round "7.53"]
[White "Gong, Qianyun"]
[Black "Khalilova, Madinabonu"]
[Result "1/2-1/2"]
[WhiteTitle "WGM"]
[BlackTitle "WCM"]
[WhiteElo "2228"]
[BlackElo "2241"]
[WhiteFideId "8602425"]
[BlackFideId "14223422"]
[EventDate "2025.12.26"]

1. e4 c5 2. Nf3 Nc6 3. Bb5 g6 4. O-O Bg7 5. c3 e5 6. d4 cxd4 7. cxd4 exd4 8. Bf4
Nge7 9. Bd6 a6 10. Bc4 b5 11. Bd5 Bb7 12. Nbd2 Nc8 13. Ba3 d6 14. Nb3 O-O 15.
Nbxd4 N8e7 16. Nxc6 Nxc6 17. Bxd6 Re8 18. e5 Qd7 19. Re1 Rad8 20. Bb3 Na5 21.
Rc1 Bxf3 22. Qxf3 Nxb3 23. Qxb3 Qf5 24. Qd5 Re6 25. Qf3 Qxf3 26. gxf3 Rde8 27.
f4 f6 28. Rc6 a5 29. Rec1 fxe5 30. fxe5 Bxe5 31. Bxe5 Rxc6 32. Rxc6 Rxe5 33. Rb6 1/2-1/2

[Event "World Rapid Women 2025"]
[Site "Doha QAT"]
[Date "2025.12.27"]
[Round "7.54"]
[White "Karimova, Guldona"]
[Black "Francisco Guecamburu, Candela Be"]
[Result "0-1"]
[WhiteTitle "WIM"]
[BlackTitle "WGM"]
[WhiteElo "2288"]
[BlackElo "2238"]
[WhiteFideId "14210410"]
[BlackFideId "160911"]
[EventDate "2025.12.26"]

1. e4 c5 2. Nf3 d6 3. d4 cxd4 4. Nxd4 Nf6 5. Nc3 a6 6. f3 e5 7. Nb3 Be7 8. Be3
Be6 9. Qd2 h5 10. Nd5 Bxd5 11. exd5 Nbd7 12. Be2 Qc7 13. c4 a5 14. Rc1 a4 15.
Na1 O-O 16. O-O Nc5 17. Nc2 h4 18. Na3 Nfd7 19. Nb5 Qd8 20. f4 exf4 21. Bxf4 Ra6
22. Rce1 Ne5 23. Bxe5 dxe5 24. Bd1 e4 25. Bc2 f5 26. d6 Rxd6 27. Nxd6 Qxd6 28.
Qxd6 Bxd6 29. Rd1 Rf6 30. b4 axb3 31. axb3 g6 32. b4 Na6 33. Bxe4 Nxb4 34. Bxb7
Bc5+ 35. Kh1 Kg7 36. Rd7+ Kh6 37. Bf3 Kg5 38. Rc7 Nd3 39. Ra1 Bd4 40. Rf1 Nf2+
41. Rxf2 Bxf2 42. Rd7 Re6 43. Rd1 Re3 44. c5 Rc3 45. c6 Kf4 46. Rf1 Ke3 47. h3
g5 48. Rd1 Kf4 49. Rb1 Kg3 50. Rf1 Rc4 51. Bd5 Rc5 52. Bf3 Rc3 53. Rd1 g4 54.
hxg4 fxg4 55. Bd5 Rc5 56. Be4 Kf4 57. Rf1 Kxe4 58. g3 Bxg3 59. Ra1 Rxc6 60. Ra4+
Kf5 61. Ra5+ Be5 62. Ra1 Bxa1 0-1